000 00714nam a2200241 a 4500
005 20240215063844.0
008 140212s2012 mx r 000 0 spa d
020 _a9786071713193
035 _aUPN01000195697
049 _aCG
050 4 _aHD69 P7.5
_bB3.7
100 1 _aBarker, Stephen,
_d1964-
_935136
245 1 0 _aTips efectivos para la administación de proyectos /
_cStephen Barker, Rob Cole.
260 _aMéxico :
_bTrillas,
_c2012.
300 _a144 p. :
_bil.
440 0 _aTips efectivos
534 _pTítulo original:
_tBrillant project management
650 4 _aAdministración
_928
650 2 _aPlanificación
_91097
700 1 _aCole, Rob,
_ecoaut.
905 _aLibro
999 _c167798
_d167798